Marketingová komunikace a public relations výklad pojmů a teorie oboru

Gespeichert in:
Bibliographische Detailangaben
Weitere Verfasser: Halada, Jan
Format: Buch
Sprache:Tschechisch
Veröffentlicht: Praha Univerzita Karlova, Nakladatelství Karolinum 2023
Ausgabe:2. vydání
Schlagworte:
Tags: Tag hinzufügen
Keine Tags, Fügen Sie das erste Tag hinzu!

MARC

LEADER 00000nam a2200000 4500
001 0300395
005 20241211112705.8
020 |a 978-80-246-5578-9 
041 0 |a cze 
044 |a CZ 
245 1 0 |a Marketingová komunikace a public relations  |b výklad pojmů a teorie oboru  |c (ed.) Jan Halada 
250 |a 2. vydání 
264 1 |a Praha  |b Univerzita Karlova, Nakladatelství Karolinum  |c 2023 
300 |a 118 s. 
610 2 0 |a komunikácia marketingová 
610 2 0 |a marketing 
610 2 0 |a vzťahy s verejnosťou 
700 1 |a Halada, Jan